00638nam a2200205 i 450000100060000000300090000600500170001500700030003200800410003510000330007624500660010925000180017526000520019330000280024549000200027350500460029360000330033983000200037285200400039255006ES-MaACL20251225063013.0t|030911s1984 sp ||||1| fre d0 aDeleuze, Gilles, d1925-199510aFrancis Bacon b: logique de la sensation / cGilles Deleuze. a2eme ed. aug. a[S.l.] : bEditions de la différence, c1984. a2 v. : bil. ; c27 cm.1 aLa vue le texte8 aContiene: V. I: Texte.-- V. II: Peintures14aBacon, Francis (d1909-1992)0 aLa vue le texte aES-MaACLjG-15160-60-bis bR.112594